<?xml version="1.0" encoding="UTF-8"?>
<record
    xmlns:xsi="http://www.w3.org/2001/XMLSchema-instance"
    xsi:schemaLocation="http://www.loc.gov/MARC21/slim http://www.loc.gov/standards/marcxml/schema/MARC21slim.xsd"
    xmlns="http://www.loc.gov/MARC21/slim">

  <leader>01430nam a22002897a 4500</leader>
  <controlfield tag="003">NALT</controlfield>
  <controlfield tag="005">20210716134432.0</controlfield>
  <controlfield tag="008">      s2548    th ||||| |||| 00| 0 tha d</controlfield>
  <datafield tag="020" ind1=" " ind2=" ">
    <subfield code="a">9743235752</subfield>
  </datafield>
  <datafield tag="040" ind1=" " ind2=" ">
    <subfield code="a">&#xE4C;NALT</subfield>
  </datafield>
  <datafield tag="050" ind1=" " ind2=" ">
    <subfield code="a">UB 271.U52 </subfield>
    <subfield code="b">&#xE1E;926&#xE1E; 2548</subfield>
  </datafield>
  <datafield tag="100" ind1="1" ind2=" ">
    <subfield code="a">&#xE40;&#xE1E;&#xE2D;&#xE23;&#xE4C;&#xE01;&#xE34;&#xE19;&#xE2A;&#xE4C;, &#xE08;&#xE2D;&#xE2B;&#xE4C;&#xE19;</subfield>
    <subfield code="9">40509</subfield>
  </datafield>
  <datafield tag="245" ind1="1" ind2="0">
    <subfield code="a">&#xE40;&#xE1E;&#xE0A;&#xE0C;&#xE06;&#xE32;&#xE15;&#xE40;&#xE28;&#xE23;&#xE29;&#xE10;&#xE01;&#xE34;&#xE08; = </subfield>
    <subfield code="b">Confessions of an economic hit man /</subfield>
    <subfield code="c">John Perkins ; &#xE44;&#xE1E;&#xE23;&#xE31;&#xE15;&#xE19;&#xE4C; &#xE1E;&#xE07;&#xE28;&#xE4C;&#xE1E;&#xE32;&#xE19;&#xE34;&#xE0A;&#xE22;&#xE4C; &#xE41;&#xE1B;&#xE25;.</subfield>
  </datafield>
  <datafield tag="250" ind1=" " ind2=" ">
    <subfield code="a">&#xE1E;&#xE34;&#xE21;&#xE1E;&#xE4C;&#xE04;&#xE23;&#xE31;&#xE49;&#xE07;&#xE17;&#xE35;&#xE48; 2</subfield>
  </datafield>
  <datafield tag="260" ind1=" " ind2=" ">
    <subfield code="a">&#xE01;&#xE23;&#xE38;&#xE07;&#xE40;&#xE17;&#xE1E;&#xE2F; : </subfield>
    <subfield code="b">&#xE21;&#xE15;&#xE34;&#xE0A;&#xE19;, </subfield>
    <subfield code="c">2548.</subfield>
  </datafield>
  <datafield tag="300" ind1=" " ind2=" ">
    <subfield code="a">391 &#xE2B;&#xE19;&#xE49;&#xE32; ;</subfield>
    <subfield code="b"> </subfield>
    <subfield code="c">21 &#xE0B;&#xE21;.</subfield>
  </datafield>
  <datafield tag="610" ind1="2" ind2="4">
    <subfield code="9">40515</subfield>
    <subfield code="a">&#xE2A;&#xE33;&#xE19;&#xE31;&#xE01;&#xE07;&#xE32;&#xE19;&#xE04;&#xE27;&#xE32;&#xE21;&#xE21;&#xE31;&#xE48;&#xE19;&#xE04;&#xE07;&#xE41;&#xE2B;&#xE48;&#xE07;&#xE0A;&#xE32;&#xE15;&#xE34;. </subfield>
    <subfield code="z">&#xE2A;&#xE2B;&#xE23;&#xE31;&#xE10;&#xE2D;&#xE40;&#xE21;&#xE23;&#xE34;&#xE01;&#xE32;</subfield>
  </datafield>
  <datafield tag="650" ind1=" " ind2="4">
    <subfield code="a">&#xE1A;&#xE23;&#xE34;&#xE29;&#xE31;&#xE17;&#xE2D;&#xE40;&#xE21;&#xE23;&#xE34;&#xE01;&#xE31;&#xE19; </subfield>
    <subfield code="9">40510</subfield>
  </datafield>
  <datafield tag="650" ind1=" " ind2="4">
    <subfield code="a">&#xE1B;&#xE23;&#xE30;&#xE40;&#xE17;&#xE28;&#xE17;&#xE35;&#xE48;&#xE01;&#xE33;&#xE25;&#xE31;&#xE07;&#xE1E;&#xE31;&#xE12;&#xE19;&#xE32;</subfield>
    <subfield code="9">40511</subfield>
  </datafield>
  <datafield tag="650" ind1=" " ind2="4">
    <subfield code="a">&#xE08;&#xE31;&#xE01;&#xE23;&#xE27;&#xE23;&#xE23;&#xE14;&#xE34;&#xE19;&#xE34;&#xE22;&#xE21; </subfield>
    <subfield code="9">40512</subfield>
    <subfield code="y">&#xE04;&#xE23;&#xE34;&#xE2A;&#xE15;&#xE4C;&#xE28;&#xE15;&#xE27;&#xE23;&#xE23;&#xE29;&#xE17;&#xE35;&#xE48; 20</subfield>
  </datafield>
  <datafield tag="650" ind1=" " ind2="4">
    <subfield code="a">&#xE1A;&#xE23;&#xE34;&#xE29;&#xE31;&#xE17;&#xE2D;&#xE40;&#xE21;&#xE23;&#xE34;&#xE01;&#xE31;&#xE19;</subfield>
    <subfield code="9">40513</subfield>
    <subfield code="x">&#xE01;&#xE32;&#xE23;&#xE17;&#xE38;&#xE08;&#xE23;&#xE34;&#xE15;</subfield>
  </datafield>
  <datafield tag="700" ind1="0" ind2=" ">
    <subfield code="a">&#xE44;&#xE1E;&#xE23;&#xE31;&#xE15;&#xE19;&#xE4C; &#xE1E;&#xE07;&#xE28;&#xE4C;&#xE1E;&#xE32;&#xE19;&#xE34;&#xE0A;&#xE22;&#xE4C; </subfield>
    <subfield code="9">10234</subfield>
  </datafield>
  <datafield tag="700" ind1="1" ind2=" ">
    <subfield code="9">40516</subfield>
    <subfield code="a">Perkins, John</subfield>
  </datafield>
  <datafield tag="850" ind1=" " ind2=" ">
    <subfield code="a">NALT</subfield>
  </datafield>
  <datafield tag="942" ind1=" " ind2=" ">
    <subfield code="c">GB</subfield>
    <subfield code="2">lcc</subfield>
  </datafield>
  <datafield tag="998" ind1=" " ind2=" ">
    <subfield code="b">&#xE1B;&#xE23;&#xE35;&#xE22;&#xE32;&#xE19;&#xE38;&#xE0A;  &#xE04;&#xE25;&#xE2D;&#xE27;&#xE38;&#xE12;&#xE34;&#xE27;&#xE31;&#xE12;&#xE19;&#xE4C;</subfield>
    <subfield code="b">phon</subfield>
    <subfield code="j">109</subfield>
    <subfield code="k"> &#xE2D;&#xE32;&#xE23;&#xE35;&#xE23;&#xE31;&#xE15;&#xE19;&#xE4C; &#xE27;&#xE34;&#xE0A;&#xE32;&#xE0A;&#xE48;&#xE32;&#xE07;</subfield>
  </datafield>
  <datafield tag="999" ind1=" " ind2=" ">
    <subfield code="c">67689</subfield>
    <subfield code="d">67689</subfield>
  </datafield>
  <datafield tag="952" ind1=" " ind2=" ">
    <subfield code="0">0</subfield>
    <subfield code="1">0</subfield>
    <subfield code="2">lcc</subfield>
    <subfield code="4">0</subfield>
    <subfield code="7">0</subfield>
    <subfield code="8">CGBL</subfield>
    <subfield code="a">NALT</subfield>
    <subfield code="b">NALT</subfield>
    <subfield code="e">&#xE08;&#xE31;&#xE14;&#xE0B;&#xE37;&#xE49;&#xE2D;&#xE17;&#xE23;&#xE31;&#xE1E;&#xE22;&#xE32;&#xE01;&#xE23;</subfield>
    <subfield code="l">0</subfield>
    <subfield code="o">UB 271.U52 &#xE1E;926&#xE1E; 2548</subfield>
    <subfield code="p">3961191700</subfield>
    <subfield code="r">2017-06-09 00:00:00</subfield>
    <subfield code="t">&#xE09;. 1</subfield>
    <subfield code="w">2017-06-09</subfield>
    <subfield code="y">GB</subfield>
  </datafield>
  <datafield tag="952" ind1=" " ind2=" ">
    <subfield code="0">0</subfield>
    <subfield code="1">0</subfield>
    <subfield code="2">lcc</subfield>
    <subfield code="4">0</subfield>
    <subfield code="7">0</subfield>
    <subfield code="8">CGBL</subfield>
    <subfield code="a">NALT</subfield>
    <subfield code="b">NALT</subfield>
    <subfield code="e">&#xE08;&#xE31;&#xE14;&#xE0B;&#xE37;&#xE49;&#xE2D;&#xE17;&#xE23;&#xE31;&#xE1E;&#xE22;&#xE32;&#xE01;&#xE23;</subfield>
    <subfield code="l">0</subfield>
    <subfield code="o">UB 271.U52 &#xE1E;926&#xE1E; 2548</subfield>
    <subfield code="p">3961191701</subfield>
    <subfield code="r">2017-06-09 00:00:00</subfield>
    <subfield code="t">&#xE09;. 2</subfield>
    <subfield code="w">2017-06-09</subfield>
    <subfield code="y">GB</subfield>
  </datafield>
</record>
